ZTM Gdańsk - N3 - Statystyki

Ogólne statystyki
  • Ten quiz został rozwiązany 6 razy
    3 od ostatniego zresetowania
  • Średni wynik to 34 z 59
Statystyki odpowiedzi
Ulica Przystanek % Poprawnych
Kartuska Damroki
100%
Podwale Grodzkie Dworzec Główny
100%
Kartuska Emaus
100%
Otomińska Gostyńska Szpital
100%
Otomińska Gostyńska Szpital
100%
Hucisko Hucisko
100%
Kartuska Jasień Działki
100%
Otomińska Karczemki
100%
Kartuska Karczemki
100%
Goplańska Kiełpino Górne
100%
Kartuska Myśliwska
100%
Otomińska Otomińska
100%
Otomińska Otomińska
100%
Kartuska Pagórkowa
100%
Kartuska Pólnicy
100%
Kartuska Rondo Kuronia
100%
Kartuska Siedlce
100%
Kartuska Szczęśliwa
100%
Kartuska Zabornia
100%
Kartuska Zakopiańska
100%
Kartuska Zielony Stok
100%
Kartuska Źródlana
100%
Kartuska Życzliwa
100%
Kartuska Bema
50%
Żołnierzy Wyklętych Cmentarz Srebrzysko
50%
Kościuszki Galeria Bałtycka
50%
Słowackiego Harfowa
50%
Otomińska Kiełpino - Szkoła
50%
Otomińska Kiełpino - Szkoła
50%
Nowatorów Kokoszki
50%
Nowatorów Kokoszki PKP
50%
Goplańska Łapińska
50%
Goplańska Łapińska
50%
Kartuska Lipowa
50%
Budowlanych Matarnia PKM
50%
Żołnierzy Wyklętych Niedźwiednik PKM
50%
Budowlanych Nowatorów
50%
Słowackiego Port Lotniczy
50%
Słowackiego Potokowa
50%
Kartuska Przytulna
50%
Słowackiego Słowackiego Działki
50%
Kartuska Węzeł Karczemki
50%
Plac Kołodziejskiego Wrzeszcz PKP
50%
Żołnierzy Wyklętych Zabytkowa
50%
Słowackiego Agrarna
0%
Słowackiego Agrarna
0%
Słowackiego Astronautów
0%
Słowackiego Astronautów
0%
Budowlanych Budowlanych
0%
Kartuska Fabryczna
0%
Słowackiego Firoga PKM
0%
Słowackiego Firoga PKM
0%
Kartuska Inżynierska
0%
Budowlanych Sąsiedzka
0%
Słowackiego Śmigłowa
0%
Słowackiego Śmigłowa
0%
Słowackiego Terminal - Cargo
0%
Słowackiego Terminal - Cargo
0%
Nowatorów Transportowców
0%
Nie znaleziono quizów pasujących do podanych kryteriów
Rozkład punktacji
Procent ludzi z każdym wynikiem
Percentyl według liczby udzielonych odpowiedzi
Twoja historia wyników
Nie rozwiązałeś tego quizu od ostatniego zresetowania